MARC details
| 000 -LEADER |
| fixed length control field |
02571cam a22005538i 4500 |
| 001 - CONTROL NUMBER |
| control field |
on1082874884 |
| 003 - CONTROL NUMBER IDENTIFIER |
| control field |
OCoLC |
| 005 - DATE AND TIME OF LATEST TRANSACTION |
| control field |
20230203140444.0 |
| 006 - FIXED-LENGTH DATA ELEMENTS--ADDITIONAL MATERIAL CHARACTERISTICS--GENERAL INFORMATION |
| fixed length control field |
m d |
| 007 - PHYSICAL DESCRIPTION FIXED FIELD--GENERAL INFORMATION |
| fixed length control field |
cr ||||||||||| |
| 008 - FIXED-LENGTH DATA ELEMENTS--GENERAL INFORMATION |
| fixed length control field |
190123s2019 ilu ob 000 0 eng |
| 010 ## - LIBRARY OF CONGRESS CONTROL NUMBER |
| LC control number |
2019003407 |
| 040 ## - CATALOGING SOURCE |
| Original cataloging agency |
DLC |
| Language of cataloging |
eng |
| Description conventions |
rda |
| -- |
pn |
| Transcribing agency |
DLC |
| Modifying agency |
YDX |
| -- |
OCLCF |
| -- |
EBLCP |
| -- |
OCLCO |
| -- |
OCLCQ |
| -- |
N$T |
| 019 ## - |
| -- |
1082980804 |
| 020 ## - INTERNATIONAL STANDARD BOOK NUMBER |
| International Standard Book Number |
080249689X |
| 020 ## - INTERNATIONAL STANDARD BOOK NUMBER |
| International Standard Book Number |
9780802496898 |
| -- |
(electronic bk.) |
| 020 ## - INTERNATIONAL STANDARD BOOK NUMBER |
| Cancelled/invalid ISBN |
9780802418302 |
| 020 ## - INTERNATIONAL STANDARD BOOK NUMBER |
| Cancelled/invalid ISBN |
0802418309 |
| 035 ## - SYSTEM CONTROL NUMBER |
| System control number |
1844168 |
| -- |
(N$T) |
| 035 ## - SYSTEM CONTROL NUMBER |
| System control number |
(OCoLC)1082874884 |
| Canceled/invalid control number |
(OCoLC)1082980804 |
| 042 ## - AUTHENTICATION CODE |
| Authentication code |
pcc |
| 050 10 - LIBRARY OF CONGRESS CALL NUMBER |
| Classification number |
BV4211.3 |
| 082 00 - DEWEY DECIMAL CLASSIFICATION NUMBER |
| Classification number |
251 |
| Edition number |
23 |
| 049 ## - LOCAL HOLDINGS (OCLC) |
| Holding library |
MAIN |
| 100 1# - MAIN ENTRY--PERSONAL NAME |
| Personal name |
Evans, Tony, |
| Dates associated with a name |
1949- |
| Relator term |
author. |
| 245 14 - TITLE STATEMENT |
| Title |
The power of preaching : |
| Remainder of title |
crafting a creative expository sermon / |
| Statement of responsibility, etc |
Tony Evans. |
| 263 ## - PROJECTED PUBLICATION DATE |
| Projected publication date |
1902 |
| 264 #1 - PRODUCTION, PUBLICATION, DISTRIBUTION, MANUFACTURE STATEMENTS |
| Place of production, publication, distribution, manufacture |
Chicago : |
| Name of producer, publisher, distributor, manufacturer |
<a href="Moody Publishers,">Moody Publishers,</a> |
| Date of production, publication, distribution, manufacture |
2019. |
| 300 ## - PHYSICAL DESCRIPTION |
| Extent |
1 online resource |
| 336 ## - CONTENT TYPE |
| Content Type Term |
text |
| Content Type Code |
txt |
| Source |
rdacontent |
| 337 ## - MEDIA TYPE |
| Media Type Term |
computer |
| Media Type Code |
n |
| Source |
rdamedia |
| 338 ## - CARRIER TYPE |
| Carrier Type Term |
online resource |
| Carrier Type Code |
nc |
| Source |
rdacarrier |
| 490 1# - SERIES STATEMENT |
| Series statement |
Kingdom Pastor's Library |
| 504 ## - BIBLIOGRAPHY, ETC. NOTE |
| Bibliography, etc |
Includes bibliographical references. |
| 505 0# - FORMATTED CONTENTS NOTE |
| Formatted contents note |
Foundation -- Organization -- Preparation -- Presentation. |
| 588 0# - |
| -- |
Print version record and CIP data provided by publisher; resource not viewed. |
| 520 ## - SUMMARY, ETC. |
| Summary, etc |
The No-Nonsense Preaching Manual Every Pastor Needs The first book in the Kingdom Pastor's Library from Tony Evans, The Power of Preaching will help you be faithful to the Word of God and preach with power and conviction. From the practice of preparation to learning to choose subjects wisely, this book offers you a preaching education from one of the most trusted and effective voices in ministry. It also includes important lessons on: Bible study methods & expository preaching The development and use of illustrations The cadence of delivery Learn the essentials of preaching a powerful message. |
| 590 ## - LOCAL NOTE (RLIN) |
| Local note |
Added to collection customer.56279.3 |
| 650 #0 - SUBJECT ADDED ENTRY--TOPICAL TERM |
| Topical term or geographic name as entry element |
Preaching. |
| 650 #7 - SUBJECT ADDED ENTRY--TOPICAL TERM |
| Topical term or geographic name as entry element |
Preaching. |
| Source of heading or term |
fast |
| -- |
(OCoLC)fst01074813 |
| 655 #4 - INDEX TERM--GENRE/FORM |
| Genre/form data or focus term |
Electronic books. |
| 776 08 - ADDITIONAL PHYSICAL FORM ENTRY |
| Display text |
Print version: |
| Main entry heading |
Evans, Tony, 1949- |
| Title |
Power of preaching. |
| Place, publisher, and date of publication |
Chicago : Moody Publishers, 2019 |
| International Standard Book Number |
9780802418302 |
| Record control number |
(DLC) 2018050878 |
| 830 #0 - SERIES ADDED ENTRY--UNIFORM TITLE |
| Uniform title |
Kingdom Pastor's Library. |
| 856 40 - ELECTRONIC LOCATION AND ACCESS |
| Materials specified |
EBSCOhost |
| Uniform Resource Identifier |
<a href="https://search.ebscohost.com/login.aspx?direct=true&scope=site&db=nlebk&db=nlabk&AN=1844168">https://search.ebscohost.com/login.aspx?direct=true&scope=site&db=nlebk&db=nlabk&AN=1844168</a> |
| 938 ## - |
| -- |
ProQuest Ebook Central |
| -- |
EBLB |
| -- |
EBL5631430 |
| 938 ## - |
| -- |
YBP Library Services |
| -- |
YANK |
| -- |
15972463 |
| 938 ## - |
| -- |
EBSCOhost |
| -- |
EBSC |
| -- |
1844168 |
| 994 ## - |
| -- |
92 |
| -- |
N$T |